| 000 | 00864nam a2200265Ia 4500 | ||
|---|---|---|---|
| 003 | OSt | ||
| 005 | 20220930082028.0 | ||
| 006 | a|||||r|||| 00| 0 | ||
| 007 | ta | ||
| 008 | 220926b |||||||| |||| 00| 0 san d | ||
| 024 | _a109657 | ||
| 037 | _cTheses | ||
| 040 |
_aCRL _cCRL _bsan |
||
| 041 |
_2san _asan |
||
| 100 |
_aShastri Sriram _9542599 |
||
| 110 |
_aSampoornanand Sanskrit University, Varanasi. Faculty of Arts. Department of Sanskrit _9542600 |
||
| 245 | 0 | _aSanskrit vangmaye swaran rajat nirman rasayan vigyanam | |
| 260 | _c1990 | ||
| 300 |
_a788p. _ap. _ccm. |
||
| 650 | _aSANSKRIT | ||
| 700 |
_a Dr. Kailashpati Tripathi Gu. _9542601 |
||
| 700 |
_aSampoornanand Sanskrit University, Varanasi. Faculty of Arts. Department of Sanskrit _9542602 |
||
| 942 |
_cDIS _2CC |
||
| 999 |
_c872392 _d872392 |
||